[Event "CRO-chT1B 31st"]
[Site "Veli Losinj"]
[Date "2023.10.14"]
[Round "4.25"]
[White "Trbojevic, Mladen"]
[Black "Ivic, Mateo"]
[Result "1-0"]
[WhiteElo "2334"]
[BlackElo "2215"]
[PlyCount "73"]
[EventDate "2023.10.11"]
[EventType "team-tourn"]
[EventRounds "9"]
[EventCountry "CRO"]
[SourceTitle "Mega2024 Update 01"]
[Source "Chessbase"]
[SourceDate "2023.11.12"]
[SourceVersion "1"]
[SourceVersionDate "2023.11.12"]
[SourceQuality "1"]
[WhiteTeam "Strigova Stridon"]
[BlackTeam "Split Brda"]
[WhiteTeamCountry "CRO"]
[BlackTeamCountry "CRO"]

1. e4 e5 2. Nf3 Nc6 3. Bb5 a6 4. Ba4 Nf6 5. 0-0 Be7 6. Re1 b5 7. Bb3 0-0 8. d4 d6 9. c3 Bg4 10. d5 Na5 11. Bc2 c5 12. Nbd2 h6 13. Nf1 Nh7 14. h3 Bd7 15. Ng3 b4 16. Nf5 Bxf5 17. exf5 bxc3 18. bxc3 Bf6 19. Nd2 Bg5 20. Qe2 Nf6 21. c4 Rb8 22. g3 h5 23. h4 Bh6 24. Ne4 Bxc1 25. Rexc1 Rb2 26. Rcb1 Qb6 27. Nxf6+ gxf6 28. Qxh5 Rb8 29. Rxb2 Qxb2 30. Rb1 Qxb1+ 31. Bxb1 Rxb1+ 32. Kg2 Kf8 33. Qh8+ Ke7 34. h5 Nxc4 35. Qc8 Nb6 36. Qc7+ Nd7 37. h6 1-0

[Event "CRO-chT1B 30th"]
[Site "Porec"]
[Date "2022.09.27"]
[Round "4.14"]
[White "Ivic, Mateo"]
[Black "Petrov, Jole"]
[Result "1/2-1/2"]
[WhiteElo "2203"]
[BlackElo "2370"]
[PlyCount "83"]
[EventDate "2022.09.24"]
[EventType "team-tourn"]
[EventRounds "9"]
[EventCountry "CRO"]
[SourceTitle "CBM 210 Extra"]
[Source "ChessBase"]
[SourceDate "2022.11.30"]
[SourceVersion "1"]
[SourceVersionDate "2022.11.30"]
[SourceQuality "1"]
[WhiteTeam "Split Brda"]
[BlackTeam "Rijeka Rijeka"]
[WhiteTeamCountry "CRO"]
[BlackTeamCountry "CRO"]

1. e4 c6 2. d4 d5 3. e5 c5 4. dxc5 e6 5. Bd3 Bxc5 6. Qg4 Ne7 7. b4 Bb6 8. Nf3 Ng6 9. 0-0 Nc6 10. h4 f5 11. Qh5 Nxb4 12. Ng5 Nxd3 13. cxd3 Kf8 14. Nxh7+ Kg8 15. Qxg6 Rxh7 16. Bg5 Qf8 17. Nd2 Bd7 18. Nf3 Qf7 19. Qxf7+ Kxf7 20. Be3 Bxe3 21. fxe3 Ke7 22. Rac1 Bc6 23. g3 Rhh8 24. Rc3 Rhc8 25. Rfc1 Bd7 26. Kf2 Rxc3 27. Rxc3 Rc8 28. Rxc8 Bxc8 29. Nd4 Bd7 30. Ke1 a5 31. Ne2 b5 32. Kd2 b4 33. Nf4 Bb5 34. Kc2 a4 35. a3 b3+ 36. Kc3 Kf7 37. Kb2 Bd7 38. Kc3 Kg8 39. Kb2 Kh7 40. d4 Kg8 41. Kc3 Kf7 42. Kb2 1/2-1/2

[Event "CRO Cup"]
[Site "Vodice"]
[Date "2022.05.19"]
[Round "2.4"]
[White "Plenca, Jadranko"]
[Black "Ivic, Mateo"]
[Result "1-0"]
[WhiteElo "2443"]
[BlackElo "2187"]
[PlyCount "47"]
[EventDate "2022.05.18"]
[EventType "team-swiss"]
[EventRounds "6"]
[EventCountry "CRO"]
[SourceTitle "CBM 208 Extra"]
[Source "ChessBase"]
[SourceDate "2022.07.31"]
[SourceVersion "1"]
[SourceVersionDate "2022.07.31"]
[SourceQuality "1"]
[WhiteTeam "Split Mornar"]
[BlackTeam "Split Brda"]
[WhiteTeamCountry "CRO"]
[BlackTeamCountry "CRO"]

1. d4 Nf6 2. c4 g6 3. Nc3 Bg7 4. e4 d6 5. h3 0-0 6. Be3 Na6 7. g4 e5 8. d5 Nc5 9. Qc2 a5 10. Nge2 Bd7 11. Ng3 c6 12. g5 Ne8 13. h4 a4 14. h5 Qa5 15. Qd2 Nc7 16. f3 cxd5 17. cxd5 b5 18. Qh2 Rfb8 19. Bd2 b4 20. Nd1 Bb5 21. hxg6 hxg6 22. Ne3 Ne8 23. Nef5 gxf5 24. Nxf5 1-0

[Event "CRO-chT1B 29th"]
[Site "Mali Losinj"]
[Date "2021.09.26"]
[Round "3.45"]
[White "Ivic, Mateo"]
[Black "Separovic, Tomislav"]
[Result "1/2-1/2"]
[WhiteElo "2127"]
[BlackElo "2112"]
[PlyCount "42"]
[EventDate "2021.09.25"]
[EventType "team-tourn"]
[EventRounds "11"]
[EventCountry "CRO"]
[SourceTitle "CBM 204 Extra"]
[Source "ChessBase"]
[SourceDate "2021.11.30"]
[SourceVersion "1"]
[SourceVersionDate "2021.11.30"]
[SourceQuality "1"]
[WhiteTeam "Split Brda"]
[BlackTeam "Dubrovnik"]
[WhiteTeamCountry "CRO"]
[BlackTeamCountry "CRO"]

1. e4 e6 2. d4 d5 3. Nc3 dxe4 4. Nxe4 Bd7 5. Nf3 Bc6 6. Bd3 Nd7 7. 0-0 Ngf6 8. Ng3 Bxf3 9. Qxf3 c6 10. Re1 Be7 11. c3 a5 12. Bf4 0-0 13. Rad1 Re8 14. Re2 a4 15. h3 Qa5 16. Rde1 Bf8 17. Be5 Red8 18. Qf4 Nxe5 19. Rxe5 Rd5 20. c4 Rxe5 21. Rxe5 Qd8 1/2-1/2

[Event "CRO-chT1B 29th"]
[Site "Mali Losinj"]
[Date "2021.09.26"]
[Round "2.35"]
[White "Krstic, Uros"]
[Black "Ivic, Mateo"]
[Result "1-0"]
[WhiteElo "2339"]
[BlackElo "2127"]
[PlyCount "60"]
[EventDate "2021.09.25"]
[EventType "team-tourn"]
[EventRounds "11"]
[EventCountry "CRO"]
[SourceTitle "CBM 204 Extra"]
[Source "ChessBase"]
[SourceDate "2021.11.30"]
[SourceVersion "1"]
[SourceVersionDate "2021.11.30"]
[SourceQuality "1"]
[WhiteTeam "Strigova Stridon"]
[BlackTeam "Split Brda"]
[WhiteTeamCountry "CRO"]
[BlackTeamCountry "CRO"]

1. e4 e5 2. Nf3 Nc6 3. Bb5 a6 4. Ba4 Nf6 5. d3 b5 6. Bb3 Bc5 7. 0-0 d6 8. c3 Bb6 9. a4 Bd7 10. Bg5 Ne7 11. d4 Ng6 12. dxe5 dxe5 13. axb5 Bxb5 14. Qxd8+ Rxd8 15. c4 Bc6 16. Bxf6 gxf6 17. c5 Ba7 18. Rxa6 Bxe4 19. Rxa7 Nf4 20. Nbd2 Bd3 21. Re1 Rg8 22. g3 Ne2+ 23. Kg2 Nf4+ 24. Kh1 Nh3 25. Rxc7 Rg7 26. Ba4+ Kf8 27. Rd7 Ra8 28. c6 Bf5 29. c7 Bxd7 30. Bxd7 Nxf2+ 1-0

[Event "EU-ch 20th"]
[Site "Skopje"]
[Date "2019.03.22"]
[Round "5"]
[White "Miftari, Hedon"]
[Black "Ivic, Mateo"]
[Result "1/2-1/2"]
[WhiteElo "1527"]
[BlackElo "2183"]
[PlyCount "41"]
[EventDate "2019.03.18"]
[EventType "swiss"]
[EventRounds "11"]
[EventCountry "MKD"]
[SourceTitle "CBM 189"]
[Source "ChessBase"]
[SourceDate "2019.04.29"]
[SourceVersion "1"]
[SourceVersionDate "2019.04.29"]
[SourceQuality "1"]

1. e4 e5 2. Nf3 Nc6 3. Bb5 f5 4. d3 fxe4 5. dxe4 Nf6 6. 0-0 Bc5 7. Bxc6 bxc6 8. Nxe5 0-0 9. Nd3 Nxe4 10. Nxc5 Nxc5 11. Be3 Ne6 12. b3 d5 13. c4 d4 14. Bc1 c5 15. f3 Bb7 16. Re1 Qf6 17. Qe2 Rae8 18. Qf2 Qg6 19. Qg3 Qf6 20. Bd2 Qf5 21. Re5 1/2-1/2

[Event "EU-ch 20th"]
[Site "Skopje"]
[Date "2019.03.18"]
[Round "1"]
[White "Demidov, Mikhail"]
[Black "Ivic, Mateo"]
[Result "1-0"]
[WhiteElo "2520"]
[BlackElo "2183"]
[PlyCount "75"]
[EventDate "2019.03.18"]
[EventType "swiss"]
[EventRounds "11"]
[EventCountry "MKD"]
[SourceTitle "CBM 189"]
[Source "ChessBase"]
[SourceDate "2019.04.29"]
[SourceVersion "1"]
[SourceVersionDate "2019.04.29"]
[SourceQuality "1"]

1. d4 d6 2. c4 Nf6 3. Nc3 g6 4. e4 Bg7 5. Be2 0-0 6. Be3 Na6 7. g4 e5 8. d5 Nc5 9. Bf3 a5 10. h4 c6 11. g5 Nh5 12. Bxc5 dxc5 13. Bxh5 gxh5 14. Qxh5 a4 15. a3 cxd5 16. Nxd5 Be6 17. 0-0-0 Bxd5 18. Rxd5 Qb6 19. Ne2 Qb3 20. Nc3 Qxc4 21. Rhd1 b5 22. Qe2 Qxe2 23. Nxe2 Rfc8 24. Rd7 b4 25. Ng3 Bf8 26. Nf5 c4 27. Nh6+ Bxh6 28. gxh6 c3 29. axb4 Kf8 30. R7d3 cxb2+ 31. Kxb2 Ra6 32. Ka3 Rc4 33. f3 Rxh6 34. Rd8+ Kg7 35. Rg1+ Rg6 36. Rxg6+ hxg6 37. b5 Rc3+ 38. Kxa4 1-0

[Event "CRO Cup"]
[Site "Mali Losinj"]
[Date "2018.05.17"]
[Round "2.74"]
[White "Matanovic, Pavo"]
[Black "Ivic, Mateo"]
[Result "0-1"]
[WhiteElo "1839"]
[BlackElo "2221"]
[PlyCount "82"]
[EventDate "2018.05.16"]
[EventType "team-swiss"]
[EventRounds "6"]
[EventCountry "CRO"]
[SourceTitle "CBM 184 Extra"]
[Source "ChessBase"]
[SourceDate "2018.06.28"]
[SourceVersion "1"]
[SourceVersionDate "2018.06.28"]
[SourceQuality "1"]
[WhiteTeam "Slavonski Brod"]
[BlackTeam "Split Brda"]
[WhiteTeamCountry "CRO"]
[BlackTeamCountry "CRO"]

1. e4 e5 2. Nf3 Nc6 3. Bb5 a6 4. Ba4 Nf6 5. 0-0 Be7 6. Re1 b5 7. Bb3 0-0 8. c3 d6 9. h3 Nb8 10. d4 Nbd7 11. Nbd2 Bb7 12. Bc2 Re8 13. Nf1 Bf8 14. Ng3 g6 15. Bg5 h6 16. Bd2 c5 17. d5 c4 18. Qc1 Kh7 19. b3 cxb3 20. axb3 Rc8 21. Nf1 a5 22. g4 Nc5 23. Qb2 Bg7 24. b4 axb4 25. Qxb4 Qd7 26. Ng3 Ra8 27. Be3 Rec8 28. Nxe5 Rxa1 29. Rxa1 Nxd5 30. Nxd7 Nxb4 31. cxb4 Nxd7 32. Ra7 Bc6 33. Bb3 Kg8 34. Bd2 Bd4 35. Ra6 Ne5 36. Kg2 Kg7 37. Ne2 Bxe4+ 38. Kg3 Nf3 39. Be3 Be5+ 40. Bf4 Nd2 41. Bxf7 Nf1+ 0-1

[Event "Zadar op-A 24th"]
[Site "Zadar"]
[Date "2017.12.16"]
[Round "9"]
[White "Bubalovic, Davorin"]
[Black "Ivic, Mateo"]
[Result "1/2-1/2"]
[WhiteElo "2237"]
[BlackElo "2237"]
[PlyCount "23"]
[EventDate "2017.12.09"]
[EventType "swiss"]
[EventRounds "9"]
[EventCountry "CRO"]
[SourceTitle "CBM 182 Extra"]
[Source "ChessBase"]
[SourceDate "2018.02.23"]
[SourceVersion "1"]
[SourceVersionDate "2018.02.23"]
[SourceQuality "1"]

1. e4 e5 2. Nf3 Nc6 3. Bb5 a6 4. Ba4 Nf6 5. 0-0 Be7 6. Re1 b5 7. Bb3 d6 8. h3 0-0 9. c3 Bb7 10. Bc2 Bc8 11. Bb3 Bb7 12. Bc2 1/2-1/2

[Event "CRO-chT1B 26th"]
[Site "Mali Losinj"]
[Date "2017.10.05"]
[Round "8.35"]
[White "Ivic, Mateo"]
[Black "Blazeka, Matej"]
[Result "0-1"]
[WhiteElo "2232"]
[BlackElo "2325"]
[PlyCount "80"]
[EventDate "2017.09.28"]
[EventType "team-tourn"]
[EventRounds "9"]
[EventCountry "CRO"]
[SourceTitle "EXT 2018"]
[Source "ChessBase"]
[SourceDate "2017.10.13"]
[SourceVersion "1"]
[SourceVersionDate "2017.10.13"]
[SourceQuality "1"]
[WhiteTeam "Split Brda"]
[BlackTeam "Zagreb Mladost"]
[WhiteTeamCountry "CRO"]
[BlackTeamCountry "CRO"]

1. e4 e5 2. Nf3 Nc6 3. d4 exd4 4. Nxd4 Bc5 5. Nb3 Bb6 6. Nc3 Nge7 7. Qe2 0-0 8. Bg5 h6 9. Be3 d6 10. 0-0-0 f5 11. f4 fxe4 12. Bxb6 axb6 13. Qxe4 Bf5 14. Qf3 Kh8 15. a3 Ng6 16. g3 Qd7 17. Bd3 Bg4 18. Qe4 Nce7 19. Rde1 d5 20. Qg2 d4 21. Ne4 c5 22. h3 Be6 23. Qe2 Bd5 24. h4 Nf5 25. Qg4 Qc6 26. Bb5 Qxb5 27. Qxg6 Qe8 28. Qxe8 Raxe8 29. Nbd2 Ne3 30. Nd6 Re6 31. Nb5 Bxh1 32. Rxh1 Nf5 33. g4 Ng3 34. f5 Nxh1 35. fxe6 Re8 36. Nc7 Re7 37. Nd5 Rxe6 38. Nc4 Nf2 39. g5 hxg5 40. Nf4 Re1+ 0-1

[Event "CRO Cup"]
[Site "Mali Losinj"]
[Date "2017.05.12"]
[Round "4.5"]
[White "Ivic, Mateo"]
[Black "Tomasic, Roland"]
[Result "1-0"]
[WhiteElo "2229"]
[BlackElo "2173"]
[PlyCount "51"]
[EventDate "2017.05.10"]
[EventType "team-swiss"]
[EventRounds "6"]
[EventCountry "CRO"]
[SourceTitle "CBM 178 Extra"]
[Source "ChessBase"]
[SourceDate "2017.06.22"]
[SourceVersion "1"]
[SourceVersionDate "2017.06.22"]
[SourceQuality "1"]
[WhiteTeam "Split Brda"]
[BlackTeam "Strigova Stridon"]
[WhiteTeamCountry "CRO"]
[BlackTeamCountry "CRO"]

1. e4 c5 2. Nf3 d6 3. d4 cxd4 4. Nxd4 Nf6 5. Nc3 Bd7 6. Bc4 e6 7. Be3 a6 8. Bb3 b5 9. a3 Nc6 10. 0-0 Be7 11. f4 0-0 12. Qf3 Qc7 13. Rad1 Na5 14. g4 Nc4 15. g5 Ne8 16. Bxc4 Qxc4 17. Rd3 Rb8 18. b3 Qc8 19. f5 Kh8 20. Qh5 g6 21. Qh6 gxf5 22. Nxf5 exf5 23. Bd4+ f6 24. g6 Rf7 25. gxf7 Ng7 26. Rh3 1-0

[Event "CRO-chT1A 25th"]
[Site "Sibenik"]
[Date "2016.10.16"]
[Round "9.1"]
[White "Jovanovic, Zoran"]
[Black "Ivic, Mateo"]
[Result "1-0"]
[WhiteElo "2526"]
[BlackElo "2234"]
[PlyCount "105"]
[EventDate "2016.10.08"]
[EventType "team-tourn"]
[EventRounds "9"]
[EventCountry "CRO"]
[SourceTitle "EXT 2017"]
[Source "ChessBase"]
[SourceDate "2016.10.25"]
[SourceVersion "1"]
[SourceVersionDate "2016.10.25"]
[SourceQuality "1"]
[WhiteTeam "Rijeka Liburnija"]
[BlackTeam "Split Brda"]
[WhiteTeamCountry "CRO"]
[BlackTeamCountry "CRO"]

1. e4 e5 2. Nf3 Nc6 3. Bc4 Nf6 4. d3 Bc5 5. c3 d6 6. 0-0 Bb6 7. a4 a6 8. Nbd2 Ne7 9. Re1 Ng6 10. a5 Ba7 11. Nf1 0-0 12. Ng3 c6 13. Bb3 Bb8 14. d4 Bc7 15. dxe5 dxe5 16. Qxd8 Rxd8 17. Bg5 Be6 18. Bxe6 fxe6 19. Nd2 Nf4 20. Nc4 Rd7 21. Nf1 Rad8 22. Bxf4 exf4 23. e5 Ng4 24. h3 Nh6 25. Nh2 Rd5 26. Nf3 Nf7 27. h4 Kf8 28. Kf1 Ke7 29. Re4 h6 30. Rxf4 Nxe5 31. Nfxe5 Bxe5 32. Re4 Bf6 33. Rae1 Kf7 34. g3 Re8 35. Kg2 Bd8 36. Ra1 Bc7 37. Kf3 Kf6 38. Kg4 g6 39. Kf3 h5 40. Ke2 Red8 41. Re3 Rf5 42. b4 Rfd5 43. Rb1 R8d7 44. Rb2 Rd8 45. Nd2 Bd6 46. Ne4+ Kf5 47. Rb1 Be7 48. Re1 e5 49. Kf1 R8d7 50. Rf3+ Ke6 51. Ke2 c5 52. bxc5 Bxc5 53. c4 1-0

[Event "CRO-chT1A 25th"]
[Site "Sibenik"]
[Date "2016.10.15"]
[Round "8.5"]
[White "Jankovic, Alojzije"]
[Black "Ivic, Mateo"]
[Result "1-0"]
[WhiteElo "2579"]
[BlackElo "2234"]
[PlyCount "81"]
[EventDate "2016.10.08"]
[EventType "team-tourn"]
[EventRounds "9"]
[EventCountry "CRO"]
[SourceTitle "EXT 2017"]
[Source "ChessBase"]
[SourceDate "2016.10.25"]
[SourceVersion "1"]
[SourceVersionDate "2016.10.25"]
[SourceQuality "1"]
[WhiteTeam "Zagreb Zagreb"]
[BlackTeam "Split Brda"]
[WhiteTeamCountry "CRO"]
[BlackTeamCountry "CRO"]

1. d4 Nf6 2. Nf3 g6 3. c4 Bg7 4. Nc3 0-0 5. e4 d6 6. Be2 e5 7. Be3 Ng4 8. Bg5 f6 9. Bc1 Nc6 10. h3 Nh6 11. d5 Ne7 12. h4 Bg4 13. Nh2 Bxe2 14. Qxe2 f5 15. h5 Nf7 16. hxg6 hxg6 17. Bd2 c6 18. 0-0-0 cxd5 19. cxd5 b5 20. exf5 gxf5 21. Qh5 Qa5 22. g4 b4 23. gxf5 bxc3 24. Bxc3 Rfc8 25. Rhg1 Rxc3+ 26. Kb1 Rc2 27. Kxc2 Qxa2 28. f6 Rc8+ 29. Kd2 Qxd5+ 30. Ke1 Qe4+ 31. Qe2 Qb4+ 32. Kf1 Nf5 33. fxg7 Qh4 34. Qg4 Qf6 35. Qh3 Rc2 36. Ng4 Qe6 37. Qb3 Rc4 38. Qb8+ Kxg7 39. Nxe5+ Kf6 40. Rg6+ Kxe5 41. Re1+ 1-0

[Event "CRO-chT1A 25th"]
[Site "Sibenik"]
[Date "2016.10.13"]
[Round "6.4"]
[White "Brumen, Dinko"]
[Black "Ivic, Mateo"]
[Result "1/2-1/2"]
[WhiteElo "2338"]
[BlackElo "2234"]
[PlyCount "99"]
[EventDate "2016.10.08"]
[EventType "team-tourn"]
[EventRounds "9"]
[EventCountry "CRO"]
[SourceTitle "EXT 2017"]
[Source "ChessBase"]
[SourceDate "2016.10.25"]
[SourceVersion "1"]
[SourceVersionDate "2016.10.25"]
[SourceQuality "1"]
[WhiteTeam "Zagreb Mladost"]
[BlackTeam "Split Brda"]
[WhiteTeamCountry "CRO"]
[BlackTeamCountry "CRO"]

1. e4 e5 2. Nf3 Nc6 3. Bb5 Nge7 4. 0-0 g6 5. c3 Bg7 6. d4 exd4 7. cxd4 d5 8. exd5 Nxd5 9. Ne5 0-0 10. Bxc6 bxc6 11. Nxc6 Qd6 12. Ne5 Bxe5 13. dxe5 Qxe5 14. Re1 Qd6 15. Bh6 Rd8 16. Qd4 f6 17. Nd2 c5 18. Qh4 Bf5 19. Qc4 Rab8 20. Qa4 Qd7 21. Qc4 Qd6 22. Nb3 Rb4 23. Qxc5 Qxc5 24. Nxc5 Rxb2 25. Rad1 Kf7 26. Rd2 Rxd2 27. Bxd2 Nb6 28. Bb4 Rd4 29. a3 Nd5 30. Ba5 Rc4 31. Nb7 Ra4 32. Nd6+ Kg7 33. Nxf5+ gxf5 34. Bb4 Nxb4 35. axb4 Rxb4 36. h4 a5 37. Re7+ Kg6 38. Ra7 a4 39. g3 f4 40. Kg2 fxg3 41. fxg3 h6 42. Kh3 Rc4 43. Ra5 Kf7 44. Kg2 Ke6 45. Kf3 Rb4 46. g4 Kd6 47. Ra6+ Ke5 48. Ra5+ Kd4 49. Ra6 Ke5 50. Ra5+ 1/2-1/2

[Event "CRO-chT1A 25th"]
[Site "Sibenik"]
[Date "2016.10.10"]
[Round "3.4"]
[White "Ivic, Mateo"]
[Black "Dabo Peranic, Robert"]
[Result "1/2-1/2"]
[WhiteElo "2234"]
[BlackElo "2332"]
[PlyCount "138"]
[EventDate "2016.10.08"]
[EventType "team-tourn"]
[EventRounds "9"]
[EventCountry "CRO"]
[SourceTitle "EXT 2017"]
[Source "ChessBase"]
[SourceDate "2016.10.25"]
[SourceVersion "1"]
[SourceVersionDate "2016.10.25"]
[SourceQuality "1"]
[WhiteTeam "Split Brda"]
[BlackTeam "Slavonski Brod"]
[WhiteTeamCountry "CRO"]
[BlackTeamCountry "CRO"]

1. e4 e5 2. Nf3 Nc6 3. Bb5 a6 4. Ba4 Nf6 5. 0-0 Be7 6. Re1 b5 7. Bb3 d6 8. c3 0-0 9. h3 Nb8 10. d4 Nbd7 11. Nbd2 Bb7 12. Bc2 c5 13. d5 c4 14. Nf1 Nc5 15. Ng3 g6 16. Bh6 Re8 17. Qd2 Nfd7 18. h4 Bf8 19. Bg5 f6 20. Be3 h5 21. Nh2 Qe7 22. Ne2 Qh7 23. Ng3 Be7 24. Rf1 Bd8 25. b4 cxb3 26. axb3 Nb6 27. f4 exf4 28. Rxf4 Ncd7 29. Qf2 Nc8 30. Rf1 a5 31. Nf3 Bb6 32. Nd4 b4 33. c4 Re5 34. Ne6 Bxe3 35. Qxe3 Qe7 36. Ne2 Rxe6 37. dxe6 Qxe6 38. Qg3 Ne7 39. Nd4 Qe5 40. Nf5 Kf7 41. Nxe7 Qxe7 42. e5 Nxe5 43. Rxf6+ Qxf6 44. Rxf6+ Kxf6 45. Qg5+ Kf7 46. c5 Re8 47. cxd6 Bc6 48. Qh6 Re6 49. Qh7+ Kf6 50. Qh8+ Kf7 51. Qh7+ Kf6 52. d7 Bxd7 53. Bxg6 Re7 54. Qxh5 Nxg6 55. Qg5+ Kf7 56. h5 Nf8 57. g4 Be6 58. Qxa5 Bxg4 59. h6 Be6 60. Qxb4 Nh7 61. Qf4+ Nf6 62. b4 Bd5 63. b5 Kg6 64. b6 Re4 65. Qc7 Rg4+ 66. Kf1 Kxh6 67. b7 Bg2+ 68. Kf2 Bxb7 69. Qxb7 Kg6 1/2-1/2

[Event "CRO-chT1A 24th"]
[Site "Bol"]
[Date "2015.10.09"]
[Round "7.14"]
[White "Ivic, Mateo"]
[Black "Kurajica, Bojan"]
[Result "0-1"]
[WhiteElo "2267"]
[BlackElo "2527"]
[PlyCount "72"]
[EventDate "2015.10.03"]
[EventType "team-tourn"]
[EventRounds "9"]
[EventCountry "CRO"]
[SourceTitle "CBM 168 Extra"]
[Source "ChessBase"]
[SourceDate "2015.10.29"]
[SourceVersion "1"]
[SourceVersionDate "2015.10.29"]
[SourceQuality "1"]
[WhiteTeam "Split Brda"]
[BlackTeam "Solin Cemex"]
[WhiteTeamCountry "CRO"]
[BlackTeamCountry "CRO"]

1. e4 c5 2. Nf3 Nc6 3. d4 cxd4 4. Nxd4 Qb6 5. Nb3 Nf6 6. Nc3 e6 7. Be3 Qc7 8. a3 a6 9. f4 d6 10. Be2 b5 11. Bf3 Rb8 12. 0-0 Be7 13. Qe2 0-0 14. g4 Nd7 15. g5 Re8 16. h4 Bf8 17. Qg2 Nb6 18. Rae1 Nc4 19. Bc1 a5 20. Kh1 b4 21. axb4 Rxb4 22. e5 d5 23. h5 a4 24. Nd2 Nd4 25. Nxc4 Rxc4 26. g6 Nxf3 27. Rxf3 Bb7 28. Nb5 Qa5 29. gxf7+ Kxf7 30. Nd6+ Bxd6 31. Rg1 Bf8 32. Rg3 Re7 33. Rxg7+ Bxg7 34. Qxg7+ Ke8 35. Qg8+ Kd7 36. f5 d4+ 0-1

[Event "CRO-chT1A 24th"]
[Site "Bol"]
[Date "2015.10.07"]
[Round "5.15"]
[White "Vujakovic, Branko"]
[Black "Ivic, Mateo"]
[Result "1-0"]
[WhiteElo "2353"]
[BlackElo "2267"]
[PlyCount "81"]
[EventDate "2015.10.03"]
[EventType "team-tourn"]
[EventRounds "9"]
[EventCountry "CRO"]
[SourceTitle "CBM 168 Extra"]
[Source "ChessBase"]
[SourceDate "2015.10.29"]
[SourceVersion "1"]
[SourceVersionDate "2015.10.29"]
[SourceQuality "1"]
[WhiteTeam "Zagreb Mladost"]
[BlackTeam "Split Brda"]
[WhiteTeamCountry "CRO"]
[BlackTeamCountry "CRO"]

1. e4 e5 2. Nf3 Nc6 3. Bb5 a6 4. Ba4 Nf6 5. 0-0 Be7 6. Re1 b5 7. Bb3 0-0 8. a4 Rb8 9. axb5 axb5 10. Nc3 d6 11. Nd5 Bg4 12. c3 Qd7 13. h3 Bh5 14. Qe2 Rfe8 15. Nxe5 Nxe5 16. Nxf6+ Bxf6 17. Qxh5 Nd3 18. Re3 Nc5 19. Bc2 g6 20. Qf3 Bg5 21. Re1 d5 22. d4 dxe4 23. Bxe4 Nxe4 24. Rxe4 Rxe4 25. Qxe4 Re8 26. Ra8 Bd8 27. Qf4 b4 28. Bd2 bxc3 29. bxc3 Qb5 30. Qf3 Kg7 31. Bf4 Re1+ 32. Kh2 Bh4 33. g3 Bf6 34. Bxc7 Qf1 35. Qg2 Qc4 36. Bd6 h5 37. Bf8+ Kh7 38. Ra7 Re2 39. Qf3 Qe6 40. d5 Qe8 41. Qxf6 1-0

[Event "CRO-chT1A 24th"]
[Site "Bol"]
[Date "2015.10.06"]
[Round "4.15"]
[White "Ivic, Mateo"]
[Black "Rubil, Marko"]
[Result "1-0"]
[WhiteElo "2267"]
[BlackElo "2217"]
[PlyCount "71"]
[EventDate "2015.10.03"]
[EventType "team-tourn"]
[EventRounds "9"]
[EventCountry "CRO"]
[SourceTitle "CBM 168 Extra"]
[Source "ChessBase"]
[SourceDate "2015.10.29"]
[SourceVersion "1"]
[SourceVersionDate "2015.10.29"]
[SourceQuality "1"]
[WhiteTeam "Split Brda"]
[BlackTeam "Slavonski Brod Djakovic"]
[WhiteTeamCountry "CRO"]
[BlackTeamCountry "CRO"]

1. e4 e5 2. Nf3 Nc6 3. Bb5 a6 4. Ba4 Nf6 5. Qe2 b5 6. Bb3 Be7 7. c3 0-0 8. 0-0 d5 9. d3 Bb7 10. Nbd2 Re8 11. Rd1 Bf8 12. Nf1 Na5 13. Bc2 c5 14. Ng3 Qb6 15. b3 h6 16. Re1 Nc6 17. Bd2 Rad8 18. Nf5 dxe4 19. dxe4 b4 20. cxb4 cxb4 21. Rad1 Bc5 22. Bc1 a5 23. Bd3 Ng4 24. Rf1 Rxd3 25. Rxd3 Ba6 26. N3d4 Nxd4 27. Qxg4 Nxf5 28. Rh3 Bxf1 29. exf5 Ba6 30. Bxh6 g6 31. Bg5 Bxf2+ 32. Kh1 Qb5 33. Qd1 f6 34. fxg6 Qf1+ 35. Qxf1 Bxf1 36. Bxf6 1-0

[Event "CRO-chT1A 24th"]
[Site "Bol"]
[Date "2015.10.05"]
[Round "3.15"]
[White "Petrov, Jole"]
[Black "Ivic, Mateo"]
[Result "1-0"]
[WhiteElo "2416"]
[BlackElo "2267"]
[PlyCount "59"]
[EventDate "2015.10.03"]
[EventType "team-tourn"]
[EventRounds "9"]
[EventCountry "CRO"]
[SourceTitle "CBM 168 Extra"]
[Source "ChessBase"]
[SourceDate "2015.10.29"]
[SourceVersion "1"]
[SourceVersionDate "2015.10.29"]
[SourceQuality "1"]
[WhiteTeam "Rijeka Rijeka"]
[BlackTeam "Split Brda"]
[WhiteTeamCountry "CRO"]
[BlackTeamCountry "CRO"]

1. Nf3 Nf6 2. c4 g6 3. g3 Bg7 4. Bg2 0-0 5. 0-0 c5 6. d4 d6 7. dxc5 dxc5 8. Ne5 Nfd7 9. Nxd7 Qxd7 10. Nc3 Nc6 11. Qd5 Qxd5 12. cxd5 Nd4 13. Bg5 f6 14. Bd2 Bg4 15. Rae1 Rac8 16. h3 Bd7 17. Rc1 b5 18. e3 Bh6 19. Rfd1 Nf5 20. Ne4 c4 21. b3 Kf7 22. Bf1 Nd6 23. Nxd6+ exd6 24. bxc4 bxc4 25. Bb4 Ke7 26. Rd4 f5 27. Rdxc4 Rxc4 28. Rxc4 Rc8 29. Rh4 Rc1 30. Kg2 1-0

[Event "CRO-chT1A 24th"]
[Site "Bol"]
[Date "2015.10.04"]
[Round "2.15"]
[White "Ivic, Mateo"]
[Black "Ascic, Pero"]
[Result "1/2-1/2"]
[WhiteElo "2267"]
[BlackElo "2311"]
[PlyCount "71"]
[EventDate "2015.10.03"]
[EventType "team-tourn"]
[EventRounds "9"]
[EventCountry "CRO"]
[SourceTitle "CBM 168 Extra"]
[Source "ChessBase"]
[SourceDate "2015.10.29"]
[SourceVersion "1"]
[SourceVersionDate "2015.10.29"]
[SourceQuality "1"]
[WhiteTeam "Split Brda"]
[BlackTeam "Pozega"]
[WhiteTeamCountry "CRO"]
[BlackTeamCountry "CRO"]

1. e4 e5 2. Nf3 Nc6 3. Bb5 a6 4. Ba4 Nf6 5. Qe2 b5 6. Bb3 Bc5 7. c3 0-0 8. 0-0 d5 9. d3 d4 10. Bg5 Be6 11. Nbd2 Be7 12. cxd4 Nxd4 13. Nxd4 exd4 14. Rac1 Qd7 15. Rc2 c5 16. Bxf6 gxf6 17. Bxe6 fxe6 18. f4 Rac8 19. b3 Kh8 20. Rf3 Rg8 21. Nf1 Rgd8 22. Rh3 Bf8 23. Qh5 Rc7 24. Qh4 Qf7 25. Ng3 Be7 26. f5 e5 27. Qh6 Rg8 28. Nf1 Qg7 29. Qxg7+ Kxg7 30. Rg3+ Kf7 31. Rxg8 Kxg8 32. Kf2 Bf8 33. Kf3 Bh6 34. h4 Kf7 35. g4 Bf4 36. Ng3 1/2-1/2